| 000 | 00769nam a2200193 a 4500 | ||
|---|---|---|---|
| 001 | 000036746 | ||
| 005 | 20200930075919.0 | ||
| 008 | 120127s1960 fr a e 001 0 fre d | ||
| 040 |
_aDO-SdBNP _bspa _cBNPHU |
||
| 082 |
_aR 034 _bG751 |
||
| 245 | 0 | 0 |
_aGrand Larousse : _bencyclopédique. |
| 260 |
_aParís, : _bLarousse, _c1960-. |
||
| 300 |
_a10 v. : _bil ; _c26 cm. |
||
| 504 | _aIncluye bibliografías | ||
| 505 | 0 |
_gv. 1. _tA-Baue.-- _gv. 2. _tBauf-Cher.-- _gv. 3. _tChes-Desè.-- _gv. 4. _tDesf-Filao.-- _gv. 5. _tFilar-Hydra.-- _gv. 6. _tHydre-Malh.-- _gv. 7. _tMali-Orly.-- _gv. 8. _tOrm-Rals.- _gv. 9. _aRam-Stre.-- _gv.10. _tStria-Zyth |
|
| 650 | 4 |
_aEnciclopedias y diccionarios franceses _963080 |
|
| 710 | 2 |
_aLarousse (Firm) _963081 |
|
| 910 | _aValidado. Control de calidad MFF | ||
| 999 |
_c36237 _d36237 |
||